Walk along African Borders - Hard - Statistics

General Stats
  • This quiz has been taken 88 times
  • The average score is 23 of 46
Answer Stats
Indian Ocean at South Africa-Mozambique border % Correct
Swaziland ->
100%
South Africa ->
97%
Botswana <-
89%
Namibia ->
88%
Zambia ->
86%
Zimbabwe <-
86%
Zimbabwe <-
67%
Burundi ->
56%
DR Congo ->
56%
DR Congo ->
56%
Malawi <-
56%
Mozambique <-
56%
Rwanda <-
56%
Uganda ->
56%
Tanzania <-
55%
Kenya <-
53%
Tanzania <-
53%
Ethiopia ->
52%
South Sudan ->
52%
Djibouti <-
50%
Eritrea <-
50%
Somalia -<
50%
Central African Republic <-
48%
Sudan <-
47%
South Sudan ->
45%
Cameroon ->
44%
Nigeria ->
44%
Republic of Congo ->
44%
Benin ->
42%
DR Congo ->
42%
Niger <-
42%
Burkina Faso <-
41%
Chad <-
41%
Cote d'Ivoire ->
39%
Ghana ->
39%
Togo ->
39%
Guinea ->
34%
Mali <-
34%
Mauritania ->
34%
Algeria ->
33%
Senegal ->
33%
Libya ->
27%
Niger <-
25%
Chad <-
20%
Egypt <-
19%
Sudan <-
17%
No matching quizzes found
Score Distribution
Percent of People with Each Score
Percentile by Number Answered
Your Score History
You have not taken this quiz